000 01094nam a2200229Ia 4500
001 6326
003 GE_BSU
008 181216s||||||||xx |||||||||||||| ||und||
040 _cGE_BSU
080 _a693.002.5(075.8)+621.81(075.8)
100 _aკაციტაძე,ო.ი. ბიჭიაშვილი,ჯ.გ.
245 _aსამშენებლო მანქანები და სამშენებლო პროცესების ავტომატიზაცია.პირველი ნაწ. წიგნი II.
245 _bსახელმძღვ.
245 _cრედ.დ.ს.თავხელიძე.
260 _aთბ.
260 _bუნ-ტის გამ-ბა.
260 _c1985.
300 _a432გვ;22სმ;ილ;ბიბლიოგრ.:გვ.423-426.
300 _eდანართები:გვ.388-423.
653 _aსამშენებლო მანქანები და სამშენებლო პროცესების ავტომატიზაცია.
942 _cBK
999 _c39721
_d39721